| 000 | 00590nam a2200229Ia 4500 | ||
|---|---|---|---|
| 003 | OSt | ||
| 005 | 20220918200458.0 | ||
| 006 | a|||||r|||| 00| 0 | ||
| 007 | ta | ||
| 008 | 220917b |||||||| |||| 00| 0 eng d | ||
| 024 | _a88,979 | ||
| 037 | _cTextual | ||
| 040 |
_aARTS _cARTS _beng |
||
| 041 |
_2eng _aeng |
||
| 082 | _aU21:16:N6, L0 | ||
| 100 |
_aTricart Jean _994254 |
||
| 245 | 0 | _aGeomorphology of cold environments tr by Edward Watson | |
| 260 | _c1970 | ||
| 650 | _aMORPHOLOGY | ||
| 942 |
_hU21:16:N6, L0 _cTEXL _2CC |
||
| 999 |
_c212649 _d212649 |
||